[Event "Detroit (WCO/1/12)"]
[Site "?"]
[Date "1996.??.??"]
[Round "?"]
[White "Scales, H."]
[Black "Powell, Antione"]
[Result "1-0"]
[WhiteElo "1605"]
[BlackElo "1605"]
[PlyCount "49"]
[EventDate "1996.??.??"]

{1/(12)} 1. e4 c5 2. Nf3 d6 3. d4 Nc6 4. Be3 e5 5. dxe5 dxe5 6. Qxd8+ Nxd8 7.
Bb5+ Nc6 8. Nxe5 a6 9. Bxc6+ bxc6 10. O-O Nf6 11. f3 Bb7 12. Nd2 Be7 13. Nb3 c4
14. Nxc4 Nd7 15. Rad1 Rd8 16. Nd6+ Bxd6 17. Rxd6 O-O 18. Rfd1 Bc8 19. Nc5 g6
20. Nxd7 Bxd7 21. Rxd7 Rxd7 22. Rxd7 Rb8 23. b3 Rb5 24. Rc7 Ra5 25. a4 1-0

[Event "Detroit (Class B/2/16)"]
[Site "?"]
[Date "1996.??.??"]
[Round "?"]
[White "Scales, H."]
[Black "McGrath, Michael"]
[Result "0-1"]
[WhiteElo "1660"]
[BlackElo "1730"]
[PlyCount "81"]
[EventDate "1996.??.??"]

{2/(16)} 1. e4 e5 2. Nf3 d6 3. c3 Be7 4. d4 exd4 5. Nxd4 Nf6 6. Bd3 O-O 7. h3
Bd7 8. Be3 Nc6 9. Nf3 Ne5 10. Bc2 Nc4 11. Bc1 Bc6 12. Qe2 Ne5 13. Nd4 Re8 14.
Nd2 Nfd7 15. Nf1 Bf6 16. Be3 Nc5 17. Ng3 Bh4 18. Ndf5 Ng6 19. O-O-O Nxe4 20.
Nxe4 Bxe4 21. Bxe4 Rxe4 22. g4 Bg5 23. Kb1 Bxe3 24. Nxe3 Qg5 25. Qd3 Rae8 26.
Rd2 Nf4 27. Qc2 d5 28. h4 Qe5 29. Rhd1 c6 30. g5 Ne6 31. a3 Rxh4 32. Re2 Qxg5
33. Ka1 h6 34. Nf5 Rf4 35. Nd6 Re7 36. Qb3 Nc5 37. Qc2 Rxe2 38. Qxe2 Ne4 39.
Nxb7 Rxf2 40. Qd3 Qg2 41. Nd6 0-1

[Event "Detroit (WCO/3/3)"]
[Site "?"]
[Date "1996.??.??"]
[Round "?"]
[White "Scales, H."]
[Black "Golonka, Stan"]
[Result "1/2-1/2"]
[WhiteElo "1605"]
[BlackElo "1930"]
[PlyCount "48"]
[EventDate "1996.??.??"]

{3/(3)} 1. e4 c5 2. Nf3 Nc6 3. c3 d5 4. e5 Bg4 5. Bb5 Bxf3 6. Qxf3 e6 7. O-O
Qc7 8. Re1 a6 9. Bxc6+ bxc6 10. d4 cxd4 11. cxd4 c5 12. Be3 cxd4 13. Bxd4 Bb4
14. Nc3 Ne7 15. Rec1 Rc8 16. Qd1 Bxc3 17. Rxc3 Qd7 18. Bc5 O-O 19. Rac1 Rfe8
20. Bxe7 Rxc3 21. Rxc3 Qxe7 22. Qa4 Ra8 23. Qc6 Qe8 24. Qxe8+ Rxe8 1/2-1/2

[Event "Detroit (Class B/1/11)"]
[Site "?"]
[Date "1996.??.??"]
[Round "?"]
[White "Scales, H."]
[Black "Carr, Jay"]
[Result "0-1"]
[WhiteElo "1660"]
[BlackElo "1735"]
[PlyCount "96"]
[EventDate "1996.??.??"]

{1/(11)} 1. e4 c5 2. Nf3 Nf6 3. Nc3 d5 4. exd5 Nxd5 5. Bb5+ Bd7 6. Bxd7+ Qxd7
7. Ne4 e6 8. O-O Nc6 9. c3 Be7 10. d3 h6 11. Re1 O-O 12. Ng3 Rad8 13. Bd2 Nf6
14. Re3 Ng4 15. Re2 Qxd3 16. h3 Nf6 17. Qc1 Rd7 18. Re1 Rfd8 19. Re3 Qh7 20.
Qe1 Rd5 21. Qe2 Nh5 22. Nxh5 Rxh5 23. Re1 Qg6 24. Kh2 Rhd5 25. Re4 Kh7 26. Be3
Qxe4 27. Qf1 Qd3 28. Re2 Qg6 29. Re1 c4 30. Qxc4 Qd3 31. Qb3 R8d7 32. Kg1 Ne5
33. Nd4 Qc4 34. Qc2+ Kg8 35. Rd1 Nc6 36. b3 Qa6 37. Qc1 Nxd4 38. cxd4 e5 39.
Qc8+ Bf8 40. Re1 exd4 41. Bf4 Qc6 42. Qe8 d3 43. Bd2 R7d6 44. Qb8 Re6 45. Rxe6
fxe6 46. Bb4 Rf5 47. Ba3 d2 48. Qd8 Qd5 0-1

[Event "Cadillac Open/1b/2"]
[Site "?"]
[Date "1996.??.??"]
[Round "?"]
[White "Saylor, Oliver"]
[Black "Rajlich, Vasik"]
[Result "0-1"]
[WhiteElo "1605"]
[BlackElo "2220"]
[PlyCount "54"]
[EventDate "1996.??.??"]

1. e4 e5 2. Nf3 d5 3. exd5 Bd6 4. Nc3 Nf6 5. d3 h6 6. Be2 Nbd7 7. O-O Nb6 8.
Ne4 Nbxd5 9. Nxd6+ Qxd6 10. g3 Bh3 11. Re1 O-O-O 12. c4 Nb4 13. a3 Nc6 14. Bf1
Bxf1 15. Rxf1 Qxd3 16. Qxd3 Rxd3 17. Be3 Ng4 18. Rfe1 e4 19. Nd2 Nxe3 20. Rxe3
Rxd2 21. b4 f5 22. Rc1 Ne5 23. h3 Rhd8 24. Rec3 Ra2 25. R1c2 Rd1+ 26. Kg2 Nf3
27. Rc1 Ne1+ 0-1

[Event "Flint (MI Senior/4/10)"]
[Site "?"]
[Date "1996.??.??"]
[Round "?"]
[White "Saylor, Oliver"]
[Black "Poniatowski, Don"]
[Result "1/2-1/2"]
[WhiteElo "1605"]
[BlackElo "1605"]
[PlyCount "85"]
[EventDate "1996.??.??"]

{4/(10)} 1. e4 Nf6 2. Nc3 d5 3. e5 d4 4. exf6 dxc3 5. fxg7 cxd2+ 6. Qxd2 Qxd2+
7. Bxd2 Bxg7 8. Rb1 Nc6 9. Nf3 Bg4 10. Be2 O-O-O 11. Be3 Kb8 12. c3 h6 13. O-O
Rhe8 14. Nd4 Bxd4 15. Bxg4 Bxe3 16. fxe3 f6 17. Bf3 Ne5 18. a4 Rd3 19. e4 Nxf3+
20. Rxf3 Red8 21. Rxd3 Rxd3 22. Rf1 a6 23. e5 fxe5 24. h4 e4 25. Rf7 e5 26. Rf2
Rd1+ 27. Rf1 Rd2 28. Rf2 Rd1+ 29. Kh2 Rd3 30. Rf8+ Ka7 31. Re8 Rd5 32. c4 Rd4
33. b3 e3 34. Rxe5 Rxh4+ 35. Kg3 Rd4 36. Rxe3 Rd6 37. Kh4 b5 38. Kh5 bxc4 39.
bxc4 Rd4 40. Rg3 Rxc4 41. Kxh6 c5 42. Rg5 Kb6 43. g4 1/2-1/2

[Event "Cadillac Open/1a/5"]
[Site "?"]
[Date "1996.??.??"]
[Round "?"]
[White "Saylor, Oliver"]
[Black "Moody, David"]
[Result "0-1"]
[WhiteElo "1605"]
[BlackElo "2050"]
[PlyCount "52"]
[EventDate "1996.??.??"]

1. e4 e5 2. Nf3 Nc6 3. Bc4 Nf6 4. Ng5 d5 5. exd5 Na5 6. Bd3 Nxd5 7. Ne4 Nf4 8.
Qf3 f5 9. Ng3 Qg5 10. Bf1 Bc5 11. d3 Nxd3+ 12. Bxd3 Qxc1+ 13. Qd1 Qxb2 14. Nd2
e4 15. Be2 Bxf2+ 16. Kxf2 e3+ 17. Kxe3 f4+ 18. Kf2 fxg3+ 19. hxg3 O-O+ 20. Ke1
Qe5 21. Nf1 Qc3+ 22. Qd2 Qxa1+ 23. Bd1 Qe5+ 24. Be2 Bg4 25. Qd3 Qa1+ 26. Kd2
Rad8 0-1

[Event "Cadillac Open/4/18"]
[Site "?"]
[Date "1996.??.??"]
[Round "?"]
[White "Saylor, Oliver"]
[Black "Feguer, Mike"]
[Result "1-0"]
[WhiteElo "1605"]
[BlackElo "1605"]
[PlyCount "77"]
[EventDate "1996.??.??"]

{4/18} 1. e4 e5 2. Nf3 Nc6 3. Bc4 Bc5 4. d3 h6 5. Nc3 Nf6 6. O-O d6 7. Re1 Ng4
8. Rf1 O-O 9. h3 Nxf2 10. Rxf2 Bxf2+ 11. Kxf2 Qf6 12. Nd5 Qg6 13. Bb5 Nd4 14.
Ne7+ Kh8 15. Nxg6+ fxg6 16. Bc4 g5 17. c3 Nxf3 18. gxf3 Bxh3 19. Ke3 Bg2 20. d4
Rxf3+ 21. Qxf3 Bxf3 22. Kxf3 Rf8+ 23. Ke2 g4 24. Be3 h5 25. Bg5 Kh7 26. dxe5
dxe5 27. Rh1 Kg6 28. Bh4 Rf4 29. Bd3 Kh6 30. Bg3 Rf3 31. Bxe5 g5 32. Bxc7 h4
33. e5 Rf7 34. Bd6 a6 35. Bc4 Rg7 36. Bf8 h3 37. Kf2 Kg6 38. Bxg7 Kxg7 39. Kg3
1-0

[Event "Flint (MI Senior/2/10)"]
[Site "?"]
[Date "1996.??.??"]
[Round "?"]
[White "Saylor, Oliver"]
[Black "Brown, Ralph"]
[Result "0-1"]
[WhiteElo "1605"]
[BlackElo "1660"]
[PlyCount "78"]
[EventDate "1996.??.??"]

{2/(10)} 1. e4 e5 2. Nf3 Nf6 3. Nc3 Nc6 4. Bb5 a6 5. Bxc6 dxc6 6. Nxe5 Qe7 7.
Nf3 Nxe4 8. O-O Nxc3 9. bxc3 Be6 10. Nd4 O-O-O 11. Nxe6 Qxe6 12. Re1 Qf6 13. d4
Bd6 14. Qg4+ Kb8 15. Bg5 Qg6 16. Qh4 f6 17. Bf4 Qxc2 18. Bxd6 cxd6 19. Qg3 Qg6
20. Qxg6 hxg6 21. Re7 Rhg8 22. Rb1 b5 23. a4 Rde8 24. Rd7 Re2 25. axb5 axb5 26.
Rxd6 Kc7 27. Kf1 Rge8 28. Rxc6+ Kxc6 29. Rc1 Kd5 30. g3 Ra2 31. Rb1 Rb8 32. Kg2
Kc4 33. Rc1 Ra3 34. f4 Ra2+ 35. Kh3 f5 36. Kh4 Rxh2+ 37. Kg5 Rb6 38. g4 Rg2 39.
Kh4 Rxg4+ 0-1

[Event "Cadillac Open/5/12"]
[Site "?"]
[Date "1996.??.??"]
[Round "?"]
[White "Saylor, Oliver"]
[Black "Barta, Roger"]
[Result "0-1"]
[WhiteElo "1605"]
[BlackElo "1675"]
[PlyCount "96"]
[EventDate "1996.??.??"]

{5/12} 1. e4 e6 2. d4 d5 3. e5 c5 4. c3 Nc6 5. Bb5 Bd7 6. Nf3 Nxe5 7. Bxd7+
Nxd7 8. O-O Ngf6 9. Bg5 Be7 10. Bxf6 Nxf6 11. Qa4+ Qd7 12. Qxd7+ Nxd7 13. Nbd2
O-O 14. Rfe1 cxd4 15. Nxd4 Rac8 16. Rac1 Nc5 17. Rc2 Bf6 18. N2f3 a6 19. Ne5
Bxe5 20. Rxe5 Rfe8 21. Re3 Na4 22. Rd2 b5 23. a3 Nb6 24. b3 Rc5 25. f4 Rec8 26.
Ne2 a5 27. Rf3 a4 28. b4 R5c7 29. h3 Nc4 30. Ra2 Nd6 31. Rd3 Ne4 32. Rc2 Kf8
33. f5 exf5 34. Rxd5 Nxc3 35. Nxc3 Rxc3 36. Rd8+ Rxd8 37. Rxc3 Rd5 38. Kf2 Ke7
39. Re3+ Kf6 40. Kf3 Re5 41. Rc3 h5 42. Rc6+ Ke7 43. Kf4 Kd7 44. Kxe5 Kxc6 45.
Kxf5 Kd5 46. Kg5 Kc4 47. Kxh5 Kb3 48. g4 Kxa3 0-1

[Event "Lansing (MOR/2/29)"]
[Site "?"]
[Date "1996.??.??"]
[Round "?"]
[White "Sawmiller, Tim"]
[Black "Davis, A."]
[Result "1-0"]
[WhiteElo "1605"]
[BlackElo "1605"]
[PlyCount "49"]
[EventDate "1996.??.??"]

{2/(29)} 1. d4 Nf6 2. Nf3 e6 3. e3 d5 4. Bd3 Be7 5. Nbd2 O-O 6. O-O c5 7. c3
Nc6 8. e4 cxd4 9. cxd4 dxe4 10. Nxe4 Nxd4 11. Neg5 h6 12. Nxd4 Qxd4 13. Bh7+
Nxh7 14. Qxd4 Nxg5 15. Bd2 Rd8 16. Qe3 Bd7 17. Rac1 Bc6 18. Bc3 Ne4 19. Rcd1
Nxc3 20. Qxc3 Rac8 21. Rxd8+ Rxd8 22. Qc2 Rd5 23. Rd1 Rg5 24. g3 Rc5 25. Rd8+
1-0

[Event "Lansing (MOR/1a/27)"]
[Site "?"]
[Date "1996.??.??"]
[Round "?"]
[White "Sawmiller, Tim"]
[Black "Castleberry, L."]
[Result "1/2-1/2"]
[WhiteElo "1605"]
[BlackElo "1605"]
[PlyCount "93"]
[EventDate "1996.??.??"]

1. d4 Nf6 2. Nf3 g6 3. g3 d5 4. Bg2 Bg7 5. O-O Nc6 6. e3 O-O 7. b3 Re8 8. Bb2
Bf5 9. a3 Qd7 10. c4 a6 11. Nbd2 Bg4 12. Qc2 Bf5 13. Qd1 Bg4 14. Re1 Ne4 15.
Qc2 Nxd2 16. Qxd2 b6 17. Qc2 Qd6 18. Rac1 e5 19. cxd5 exd4 20. Qxc6 dxe3 21.
Bxg7 exf2+ 22. Kxf2 Qxa3 23. Qc3 Qa2+ 24. Rc2 Qa3 25. Bh8 Qf8 26. Rce2 Bd7 27.
Rxe8 Bxe8 28. Re7 Bb5 29. Rxc7 Re8 30. Bf1 Bxf1 31. Kxf1 h5 32. Ne5 Qh6 33.
Nxf7 Rf8 34. Qf6 Qxh8 35. Qxg6+ Qg7 36. Qxg7+ Kxg7 37. d6 Rxf7+ 38. Rxf7+ Kxf7
39. Ke2 Ke6 40. Kd3 Kxd6 41. Kd4 b5 42. h3 a5 43. g4 hxg4 44. hxg4 a4 45. bxa4
bxa4 46. g5 a3 47. Kc3 1/2-1/2

[Event "Lansing (MOR/3/5)"]
[Site "?"]
[Date "1996.??.??"]
[Round "?"]
[White "Saulmon, Scott"]
[Black "Sellers, Matt"]
[Result "0-1"]
[WhiteElo "1715"]
[BlackElo "1605"]
[PlyCount "69"]
[EventDate "1996.??.??"]

{3/(5)} 1. e4 c6 2. d4 d5 3. exd5 cxd5 4. Bd3 Nc6 5. c3 Nf6 6. Bf4 Bg4 7. Nf3
e6 8. Nbd2 Be7 9. O-O Bh5 10. Qc2 Rc8 11. a3 O-O 12. Rae1 a6 13. Qb1 Bg6 14.
Bxg6 hxg6 15. Ne5 Nxe5 16. Bxe5 b5 17. h3 a5 18. Re3 b4 19. a4 Qd7 20. cxb4
Qxa4 21. bxa5 Qxa5 22. Nb3 Qb4 23. Rc1 Ne4 24. f3 Bg5 25. Rxe4 Rxc1+ 26. Nxc1
dxe4 27. Ne2 exf3 28. gxf3 Rc8 29. f4 Bh4 30. Qd1 Qxb2 31. d5 Qa3 32. Kh2 Qf3
33. d6 Bg3+ 34. Nxg3 Qxd1 35. Ne4 0-1

[Event "Lansing (MOR/1b/4)"]
[Site "?"]
[Date "1996.??.??"]
[Round "?"]
[White "Saulmon, Scott"]
[Black "Hill, M."]
[Result "1-0"]
[WhiteElo "1715"]
[BlackElo "1605"]
[PlyCount "103"]
[EventDate "1996.??.??"]

1. e4 g6 2. d4 Bg7 3. c4 Nc6 4. Nf3 d6 5. Nc3 Bg4 6. Be3 e5 7. d5 Nd4 8. Be2
Nxe2 9. Qxe2 Ne7 10. h3 Bxf3 11. Qxf3 O-O 12. Qe2 f5 13. Bg5 h6 14. Bh4 f4 15.
f3 Bf6 16. Bxf6 Rxf6 17. Qf2 a6 18. h4 Kg7 19. Rh3 Qd7 20. g4 fxg3 21. Rxg3
Raf8 22. Ne2 Qa4 23. b3 Qb4+ 24. Kf1 Qc5 25. Qxc5 dxc5 26. Kg2 Nc8 27. Rf1 Nd6
28. Re1 Kh7 29. Nc1 Nf7 30. Nd3 Re8 31. Nxc5 Nd6 32. Ne6 Re7 33. Rc1 Ne8 34. c5
Ng7 35. Nd8 b5 36. Nc6 Ref7 37. Nxe5 Rf8 38. Nd7 Nh5 39. Nxf8+ Rxf8 40. Rg4
Nf4+ 41. Kf1 Nd3 42. Rd1 Ne5 43. Rg2 Nxf3 44. Rf2 Rf4 45. e5 g5 46. hxg5 hxg5
47. e6 Kg6 48. d6 cxd6 49. cxd6 Kf6 50. e7 Kf7 51. d7 Nh2+ 52. Kg2 1-0

[Event "Lansing (MOR/5/7)"]
[Site "?"]
[Date "1996.??.??"]
[Round "?"]
[White "Saulmon, Scott"]
[Black "Cooper, Willie"]
[Result "0-1"]
[WhiteElo "1715"]
[BlackElo "1605"]
[PlyCount "68"]
[EventDate "1996.??.??"]

{5/(7)} 1. e4 c5 2. Nc3 g6 3. f4 Bg7 4. Nf3 e6 5. Bc4 a6 6. d3 Ne7 7. O-O O-O
8. e5 Nbc6 9. a3 d6 10. exd6 Qxd6 11. Ne4 Qc7 12. Nxc5 Qb6 13. d4 Nf5 14. c3
Rd8 15. Qe1 Qc7 16. Ne4 Ncxd4 17. Bd3 Nb3 18. g4 Nxc1 19. Rxc1 Qb6+ 20. Kh1 Ne3
21. g5 Rxd3 22. Nf6+ Bxf6 23. gxf6 Nxf1 24. Qxf1 Qe3 25. Ne5 Rd2 26. Re1 Qc5
27. Qh3 b5 28. Qf3 Qd5 29. Qxd5 Rxd5 30. Nc6 Rd2 31. f5 Bb7 32. fxe6 Bxc6+ 33.
Kg1 fxe6 34. Rxe6 Be8 0-1

[Event "Flint (MI Senior/2/4)"]
[Site "?"]
[Date "1996.??.??"]
[Round "?"]
[White "Sattler, Peter"]
[Black "LaForge, Tom"]
[Result "0-1"]
[WhiteElo "1750"]
[BlackElo "1965"]
[PlyCount "96"]
[EventDate "1996.??.??"]

{2/(4)} 1. e4 e6 2. d4 d5 3. e5 c5 4. c3 Qb6 5. Nf3 Bd7 6. a3 Bb5 7. Be2 Nc6 8.
Be3 Bxe2 9. Qxe2 c4 10. Qc2 h6 11. O-O Nge7 12. h3 Nf5 13. Bf4 g5 14. Bh2 Be7
15. Nbd2 h5 16. b3 g4 17. Ne1 cxb3 18. Qxb3 Qxb3 19. Nxb3 gxh3 20. gxh3 Kd7 21.
Nd3 b6 22. Kh1 a5 23. a4 Rag8 24. Nd2 h4 25. Rg1 Rxg1+ 26. Rxg1 Rb8 27. Rb1 Na7
28. Nb3 Rc8 29. Rc1 Ba3 30. Rc2 Rc4 31. Ra2 Rxa4 32. Nb2 Bxb2 33. Rxa4 Bxc3 34.
Bf4 Nc6 35. Be3 b5 36. Ra2 a4 37. Nc5+ Kc7 38. Rc2 Bxd4 39. Bxd4 Nfxd4 40. Rc1
Kb6 41. Kg2 Nxe5 42. f4 Nc4 43. Nd3 Ka5 44. Kf2 b4 45. Ne5 b3 46. Nxc4+ dxc4
47. Ke3 b2 48. Rb1 a3 0-1

[Event "Flint (MI Senior/4/4)"]
[Site "?"]
[Date "1996.??.??"]
[Round "?"]
[White "Sattler, Peter"]
[Black "Jointer, William"]
[Result "1-0"]
[WhiteElo "1750"]
[BlackElo "1705"]
[PlyCount "118"]
[EventDate "1996.??.??"]

{4/(4)} 1. e4 c5 2. Nf3 Nc6 3. d4 cxd4 4. Nxd4 Nf6 5. Nc3 g6 6. Be2 Bg7 7. Nxc6
bxc6 8. O-O O-O 9. Be3 d5 10. exd5 cxd5 11. Rb1 e5 12. Bg5 d4 13. Ne4 Bf5 14.
Nxf6+ Bxf6 15. Bxf6 Qxf6 16. f3 Rac8 17. Bd3 Be6 18. b3 h5 19. Qd2 Kg7 20. f4
h4 21. Rbe1 exf4 22. Qxf4 Qd8 23. Re4 Rc5 24. Rxd4 Qb6 25. Qf6+ Kg8 26. Kh1 h3
27. gxh3 Bd5+ 28. Kg1 Qxf6 29. Rxf6 Re8 30. Kf2 Be6 31. h4 Kg7 32. Rff4 f5 33.
a4 a5 34. Bc4 Bc8 35. Rd5 Rxd5 36. Bxd5 Rd8 37. c4 Kf6 38. Rf3 Ke5 39. Rg3 Rd6
40. Re3+ Kd4 41. Re8 Ba6 42. Kf3 Kc3 43. Rb8 Kd4 44. Kf4 Kd3 45. Ke5 Rd7 46.
Rb6 Bc8 47. Rxg6 Re7+ 48. Kf4 Rh7 49. Rg3+ Kd4 50. Rh3 Kc5 51. h5 Rc7 52. Rh4
Kb4 53. h6 Rh7 54. Rh3 Bd7 55. Kg5 f4 56. Rf3 Be8 57. Bg8 Rh8 58. h7 Bf7 59.
Bxf7 Rxh7 {[Remainder illegible]} 1-0

[Event "Ann Arbor (Fall Open/3/3)"]
[Site "?"]
[Date "1996.??.??"]
[Round "?"]
[White "Santiago, Reynaldo"]
[Black "Townsend, Paul"]
[Result "1-0"]
[WhiteElo "2000"]
[BlackElo "1905"]
[PlyCount "67"]
[EventDate "1996.??.??"]

{3/(3)} 1. e4 e6 2. d4 b6 3. Bd3 Bb7 4. Ne2 c5 5. c3 c4 6. Bc2 b5 7. O-O Bd6 8.
f4 Bc7 9. Nd2 Nf6 10. Ng3 h5 11. e5 Ng4 12. Nde4 Nc6 13. h3 Qh4 14. Nxh5 Ncxe5
15. fxe5 Nxe5 16. Nxg7+ Kf8 17. Bg5 Qh7 18. Nxe6+ dxe6 19. dxe5 Bxe4 20. Bxe4
Qxe4 21. Qd7 Bb6+ 22. Kh2 Qxe5+ 23. Bf4 Qg7 24. Bd6+ Kg8 25. Rf3 Rh5 26. Raf1
Rd8 27. Qe7 Rg5 28. g4 Rd5 29. Rxf7 Rd2+ 30. Kh1 Qh6 31. Rf8+ Rxf8 32. Rxf8+
Qxf8 33. Qxf8+ Kh7 34. Qf7+ 1-0

[Event "Ann Arbor (Mini-Swiss/1/1)"]
[Site "?"]
[Date "1996.??.??"]
[Round "?"]
[White "Santiago, Reynaldo"]
[Black "Thompson, Dexter"]
[Result "0-1"]
[WhiteElo "2340"]
[BlackElo "1940"]
[PlyCount "42"]
[EventDate "1996.??.??"]

{1/(1)} 1. c4 e5 2. Nc3 Nf6 3. g3 c6 4. Nf3 e4 5. Nd4 d5 6. cxd5 cxd5 7. Bg2
Nc6 8. Nxc6 bxc6 9. d3 exd3 10. Qxd3 Bc5 11. O-O O-O 12. Na4 Bd6 13. Bg5 h6 14.
Be3 Qa5 15. Nc3 Ba6 16. Qf5 Rfe8 17. a3 Be5 18. Rfc1 Qd8 19. f4 Bxc3 20. Rxc3
Rxe3 21. Rxe3 Qb6 0-1

[Event "Ann Arbor (Fall Open/4/3)"]
[Site "?"]
[Date "1996.??.??"]
[Round "?"]
[White "Santiago, Reynaldo"]
[Black "Miller, R."]
[Result "1-0"]
[WhiteElo "2000"]
[BlackElo "1870"]
[PlyCount "87"]
[EventDate "1996.??.??"]

{4/(3)} 1. e4 c5 2. Nc3 e6 3. d3 Nc6 4. g3 b6 5. Bg2 Bb7 6. Nge2 Nf6 7. O-O Be7
8. f4 d5 9. e5 Nd7 10. a3 O-O 11. d4 cxd4 12. Nb5 Ba6 13. a4 Qc8 14. Re1 Bb4
15. Bd2 Bc5 16. Kh1 Bxb5 17. axb5 d3 18. cxd3 Nb4 19. Qb3 a5 20. d4 Be7 21.
Rec1 Qb7 22. f5 Rfd8 23. Qf3 exf5 24. Qxf5 Nf8 25. Rf1 f6 26. Rac1 Qd7 27. exf6
Bxf6 28. Bxb4 axb4 29. Rc6 Ra2 30. Qb1 Raa8 31. Qd3 Ne6 32. Bh3 Nc5 33. dxc5
Qxh3 34. Nf4 Qd7 35. Rd6 Qf7 36. Rxd8+ Bxd8 37. Nxd5 Qb7 38. c6 Qa7 39. Qb3 g6
40. Ne7+ Kg7 41. Qf7+ Kh6 42. Ng8+ Kh5 43. Qf3+ Kg5 44. h4# 1-0

[Event "Ann Arbor (Mini-Swiss/1/5)"]
[Site "?"]
[Date "1996.??.??"]
[Round "?"]
[White "Santiago, Reynaldo"]
[Black "Marson, Michael"]
[Result "1-0"]
[WhiteElo "1945"]
[BlackElo "1705"]
[PlyCount "29"]
[EventDate "1996.??.??"]

{1/(5)} 1. d4 Nf6 2. c4 g6 3. Nc3 d5 4. Nf3 Bg7 5. h3 O-O 6. Bf4 dxc4 7. e4 Nh5
8. Bh2 f5 9. Bxc4+ Kh8 10. exf5 Rxf5 11. g4 Rxf3 12. Qxf3 Qxd4 13. Qf7 Nf6 14.
g5 Nbd7 15. Rd1 1-0

[Event "Ann Arbor (Mini-Swiss/2)"]
[Site "?"]
[Date "1996.??.??"]
[Round "?"]
[White "Santiago, Reynaldo"]
[Black "Marson, Michael"]
[Result "1-0"]
[WhiteElo "1940"]
[BlackElo "1655"]
[PlyCount "130"]
[EventDate "1996.??.??"]

1. e4 e6 2. d4 d5 3. Nd2 c5 4. Ngf3 Nc6 5. exd5 exd5 6. Qe2+ Qe7 7. dxc5 Qxe2+
8. Bxe2 Bxc5 9. c3 Nf6 10. O-O O-O 11. Nb3 Bb6 12. h3 Be6 13. Bf4 h6 14. Rad1
g5 15. Bc1 Ne4 16. Nfd4 a6 17. Be3 Nxd4 18. Nxd4 Bc7 19. Nxe6 fxe6 20. c4 Rad8
21. cxd5 exd5 22. Bd4 Bd6 23. Bg4 Bc5 24. Be6+ Kh7 25. Bxc5 Nxc5 26. Bxd5 b6
27. b4 Na4 28. Be4+ Kg7 29. Rc1 Rd4 30. Bb7 Rxb4 31. Bxa6 Nc5 32. Bc4 b5 33.
Bd5 Nd3 34. Rc7+ Kf6 35. Rd1 Nf4 36. Bb3 Ne2+ 37. Kf1 Nd4 38. Rd3 Nxb3 39. axb3
Kg6 40. f3 Rf6 41. Kf2 Re6 42. Rc5 Kf6 43. g3 Kg6 44. Rdd5 Rxb3 45. Rxb5 Rbe3
46. g4 Rc3 47. Rf5 Rc4 48. Kg3 Rcc6 49. h4 gxh4+ 50. Kxh4 Rf6 51. f4 Rce6 52.
Rxf6+ Rxf6 53. f5+ Kg7 54. Kh5 Kh7 55. Rb7+ Kg8 56. Re7 Rb6 57. Re6 Rb3 58.
Rxh6 Rb5 59. Ra6 Re5 60. Kg6 Kf8 61. g5 Re8 62. Ra7 Kg8 63. f6 Kf8 64. Rh7 Kg8
65. f7+ Kf8 1-0

[Event "Ann Arbor (Mini-Swiss/3/1)"]
[Site "?"]
[Date "1996.??.??"]
[Round "?"]
[White "Santiago, Reynaldo"]
[Black "Koster, Ed"]
[Result "1/2-1/2"]
[WhiteElo "2160"]
[BlackElo "1945"]
[PlyCount "60"]
[EventDate "1996.??.??"]

{3/(1)} 1. e4 Nf6 2. e5 Nd5 3. d4 d6 4. Nf3 g6 5. Be2 Bg7 6. c4 Nb6 7. exd6
cxd6 8. O-O O-O 9. Nc3 Nc6 10. Be3 Bg4 11. b3 d5 12. c5 Nc8 13. h3 Bxf3 14.
Bxf3 e6 15. Qd2 N8e7 16. Rfd1 Nf5 17. Ne2 Nh4 18. Kh2 Nxf3+ 19. gxf3 Qh4 20.
Kg2 h6 21. f4 Kh7 22. Ng1 Qe7 23. Nf3 Qc7 24. Rab1 a5 25. a3 b5 26. h4 h5 27.
Qd3 Rab8 28. Ne5 Bxe5 29. fxe5 Ne7 30. Bg5 Nf5 1/2-1/2

[Event "Ann Arbor (Ann Arbor Open, U2000/1)"]
[Site "?"]
[Date "1996.??.??"]
[Round "?"]
[White "Santiago, Reynaldo"]
[Black "Hawley, T."]
[Result "1-0"]
[WhiteElo "1940"]
[BlackElo "1760"]
[PlyCount "72"]
[EventDate "1996.??.??"]

{2000/(1)} 1. c4 Nf6 2. Nc3 e5 3. g3 Bc5 4. Bg2 O-O 5. Nf3 Re8 6. O-O d6 7. d3
c6 8. Bg5 Be6 9. Ne4 Nbd7 10. Qd2 Nxe4 11. dxe4 Qb6 12. Qc2 a5 13. Ne1 Rac8 14.
Nd3 d5 15. b3 f6 16. Bd2 dxe4 17. Bxe4 f5 18. Nxc5 fxe4 19. Nxe6 Rxe6 20. Qxe4
Nf6 21. Qf5 Rce8 22. Be3 Qc7 23. Rfd1 Rd6 24. Bc5 Rxd1+ 25. Rxd1 h6 26. Bd6 Qd8
27. c5 e4 28. f3 Nd5 29. Rxd5 cxd5 30. Qxd5+ Kh8 31. Qxb7 Qf6 32. Qb5 Rd8 33.
Qxa5 Qa1+ 34. Kg2 Rc8 35. Qa6 Rd8 36. Qb6 Re8 1-0

[Event "Ann Arbor (Fall Open/1/4)"]
[Site "?"]
[Date "1996.??.??"]
[Round "?"]
[White "Santiago, Reynaldo"]
[Black "Beckwith, Stan"]
[Result "1/2-1/2"]
[WhiteElo "2000"]
[BlackElo "1860"]
[PlyCount "65"]
[EventDate "1996.??.??"]

{1/(4)} 1. d4 Nf6 2. c4 g6 3. Nc3 c5 4. d5 Bg7 5. e4 d6 6. Bd3 O-O 7. Nge2 a6
8. O-O e5 9. dxe6 fxe6 10. h3 Nc6 11. f4 Rb8 12. Be3 Nb4 13. Bb1 b5 14. e5 dxe5
15. Bxc5 bxc4 16. Bxf8 Qxf8 17. fxe5 Qc5+ 18. Qd4 Nd7 19. Qxc5 Nxc5 20. a3 Nbd3
21. b4 Nb3 22. Ra2 Bxe5 23. Rd1 a5 24. b5 Nbc5 25. Rc2 Bb7 26. Ba2 Bd5 27. Nc1
Bd4+ 28. Kh2 Rf8 29. Nxd5 exd5 30. Nxd3 Nxd3 31. Rxd3 cxd3 32. Bxd5+ Kg7 33.
Rd2 1/2-1/2

[Event "Ann Arbor (Ann Arbor Open, U2000/3)"]
[Site "?"]
[Date "1996.??.??"]
[Round "?"]
[White "Santiago, Reynaldo"]
[Black "Alson, Jeff"]
[Result "1-0"]
[WhiteElo "1940"]
[BlackElo "1995"]
[PlyCount "81"]
[EventDate "1996.??.??"]

{2000/(3)} 1. e4 c5 2. Nf3 Nf6 3. e5 Nd5 4. Nc3 e6 5. Nxd5 exd5 6. d4 Nc6 7.
dxc5 Bxc5 8. Qxd5 d6 9. Bd2 Qb6 10. O-O-O Be6 11. Qe4 dxe5 12. Nxe5 Nxe5 13.
Qxe5 O-O 14. Bc3 f6 15. Qh5 g6 16. Qh6 Bxf2 17. Kb1 Rac8 18. Rd3 Rxc3 19. Rxc3
Bd4 20. Rb3 Bxb3 21. axb3 Rc8 22. Bd3 f5 23. Re1 Bg7 24. Qf4 Qc6 25. Bc4+ Kh8
26. Re6 Qc5 27. Rxg6 Be5 28. Qg5 Qf8 29. Rg8+ Qxg8 30. Bxg8 Rxg8 31. Qxf5 Bxh2
32. g4 h6 33. c4 b6 34. b4 Bg1 35. c5 bxc5 36. bxc5 Rg7 37. b4 Bd4 38. Kc2 Rg8
39. Kb3 Rb8 40. Kc4 Bg1 41. c6 1-0

[Event "Detroit (MI Action/3/8)"]
[Site "?"]
[Date "1996.??.??"]
[Round "?"]
[White "Sanborn, Richard"]
[Black "McAllister, Don"]
[Result "1-0"]
[WhiteElo "1810"]
[BlackElo "1605"]
[PlyCount "76"]
[EventDate "1996.??.??"]

{3/(8)} 1. e4 e6 2. d4 d5 3. exd5 exd5 4. Bd3 Nf6 5. Bg5 Be7 6. Nf3 O-O 7. O-O
Nc6 8. Nbd2 Bg4 9. c3 Re8 10. Qc2 Ne4 11. Bxe4 dxe4 12. Nxe4 Bf5 13. Bf4 Bxe4
14. Qxe4 Bd6 15. Qf5 Bxf4 16. Qxf4 h6 17. Rfe1 Ne7 18. Re4 Nd5 19. Rxe8+ Qxe8
20. Qd2 Qd7 21. Re1 Re8 22. Rxe8+ Qxe8 23. Kf1 b6 24. c4 Nf6 25. b3 Ne4 26. Qe3
Kf8 27. Nd2 Nf6 28. Qxe8+ Nxe8 29. Ke2 g6 30. Ne4 f5 31. Nc3 a6 32. Nd5 Kf7 33.
Kd3 a5 34. a3 Ke6 35. f3 g5 36. b4 axb4 37. axb4 Kd6 38. Nc3 Ng7 {[Remainder
illegible; 1-0, 51?]} 1-0

[Event "Howell (US Am N/6/17)"]
[Site "?"]
[Date "1996.??.??"]
[Round "?"]
[White "Sanborn, Richard"]
[Black "Kane, Paul"]
[Result "1-0"]
[WhiteElo "1820"]
[BlackElo "1605"]
[PlyCount "97"]
[EventDate "1996.??.??"]

{6/(17)} 1. e4 e6 2. d4 d5 3. exd5 exd5 4. Bd3 Nf6 5. h3 Bd6 6. Bg5 O-O 7. Ne2
c6 8. O-O Nbd7 9. Qd2 Qc7 10. Bf5 Ne4 11. Bxe4 dxe4 12. c4 f6 13. Bf4 Bxf4 14.
Nxf4 Nb6 15. b3 Bd7 16. Nc3 Rac8 17. Nxe4 Rce8 18. Rfe1 Nc8 19. Nc5 Kf7 20. d5
Rxe1+ 21. Rxe1 Re8 22. Rxe8 Kxe8 23. Qe2+ Qe5 24. Nxb7 cxd5 25. Qxe5+ fxe5 26.
Nxd5 Nb6 27. Nd6+ Kf8 28. Nxb6 axb6 29. f3 Ke7 30. Ne4 h6 31. Kf2 Ke6 32. Ke3
Bc6 33. b4 b5 34. cxb5 Bxb5 35. Nc3 Bf1 36. Kf2 Bd3 37. a4 Kd6 38. h4 h5 39.
Ke3 Bf5 40. Ne4+ Kd5 41. Kd3 Bd7 42. Nc3+ Kd6 43. Ke4 g6 44. Kd3 Be6 45. Ne4+
Kc6 46. Kc3 Kd5 47. b5 Bf5 48. a5 Bd7 49. Nf6+ 1-0

[Event "Detroit (MI Action/1/4)"]
[Site "?"]
[Date "1996.??.??"]
[Round "?"]
[White "Sanborn, Richard"]
[Black "Hooker, Larry"]
[Result "1-0"]
[WhiteElo "1810"]
[BlackElo "1605"]
[PlyCount "32"]
[EventDate "1996.??.??"]

{1/(4)} 1. e4 e5 2. Nf3 Nc6 3. Bc4 Nf6 4. Ng5 d5 5. exd5 Na5 6. d3 Bd6 7. O-O
O-O 8. b3 Bg4 9. f3 Bc5+ 10. Kh1 Bf5 11. Bd2 Nxd5 12. Qe1 Nf4 13. Qxe5 Nxc4 14.
bxc4 Ne6 15. Qxf5 Bd4 16. Nc3 Re8 {[Remainder illegible; 1-0, 56?]} 1-0